[Event "Chesterfield SPICE Cup op"]
[Site "Chesterfield"]
[Date "2022.12.22"]
[Round "8"]
[White "Javidfard, Amirsalar"]
[Black "Anand Jr, Vignesh"]
[Result "1-0"]
[WhiteElo "2000"]
[BlackElo "2081"]
[PlyCount "48"]
[EventDate "2022.12.18"]
[EventType "swiss"]
[EventRounds "9"]
[EventCountry "USA"]
[SourceTitle "CBM 212 Extra"]
[Source "ChessBase"]
[SourceDate "2023.03.31"]
[SourceVersion "1"]
[SourceVersionDate "2023.03.31"]
[SourceQuality "1"]

1. d4 Nf6 2. c4 e6 3. Nf3 c5 4. Nc3 cxd4 5. Nxd4 Nc6 6. e4 Bb4 7. Nxc6 bxc6 8. Qb3 Qa5 9. Bd2 d5 10. cxd5 exd5 11. exd5 0-0 12. dxc6 Re8+ 13. Be3 Nd5 14. Bc4 Nxc3 15. 0-0 Rxe3 16. fxe3 Ne4 17. Rxf7 Kh8 18. Raf1 Bg4 19. Rb7 Qa4 20. Qxa4 Nf2 21. Rxf2 Bf3 22. Qxb4 h5 23. Qe7 Rg8 24. Bxg8 Bd5 1-0

[Event "Chesterfield SPICE Cup op"]
[Site "Chesterfield"]
[Date "2022.12.20"]
[Round "5"]
[White "Ezra, Paul Chambers"]
[Black "Javidfard, Amirsalar"]
[Result "1-0"]
[WhiteElo "2283"]
[BlackElo "2000"]
[PlyCount "63"]
[EventDate "2022.12.18"]
[EventType "swiss"]
[EventRounds "9"]
[EventCountry "USA"]
[SourceTitle "CBM 212 Extra"]
[Source "ChessBase"]
[SourceDate "2023.03.31"]
[SourceVersion "1"]
[SourceVersionDate "2023.03.31"]
[SourceQuality "1"]

1. e4 c5 2. Nf3 e6 3. d4 cxd4 4. Nxd4 a6 5. Be2 Nf6 6. Nc3 Qc7 7. 0-0 Bb4 8. Qd3 Nc6 9. Nxc6 dxc6 10. f4 e5 11. fxe5 Qxe5 12. Bf4 Qe6 13. e5 Bxc3 14. bxc3 Nd5 15. Bg3 0-0 16. c4 Ne7 17. c5 Nf5 18. Bg4 g6 19. Bxf5 gxf5 20. Rad1 h6 21. Qe3 Qg6 22. Bf4 Kh7 23. Rf3 Rg8 24. Rd2 Qe6 25. Rd6 Qxa2 26. Rxh6+ Kg7 27. Rg3+ Kf8 28. Rxg8+ Kxg8 29. Qg3+ Kf8 30. Rh8+ Ke7 31. Qg5+ Kd7 32. Qd8+ 1-0

[Event "Chesterfield SPICE Cup op"]
[Site "Chesterfield"]
[Date "2022.12.18"]
[Round "1"]
[White "Plotkin, Mark"]
[Black "Javidfard, Amirsalar"]
[Result "1-0"]
[WhiteElo "2369"]
[BlackElo "2000"]
[PlyCount "51"]
[EventDate "2022.12.18"]
[EventType "swiss"]
[EventRounds "9"]
[EventCountry "USA"]
[SourceTitle "CBM 212 Extra"]
[Source "ChessBase"]
[SourceDate "2023.03.31"]
[SourceVersion "1"]
[SourceVersionDate "2023.03.31"]
[SourceQuality "1"]

1. c4 e6 2. Nc3 d5 3. d4 c6 4. e4 Bb4 5. Bd3 dxe4 6. Bxe4 Nf6 7. Bc2 c5 8. Nf3 b6 9. 0-0 Bb7 10. Ba4+ Nbd7 11. dxc5 Bxc5 12. Ne5 Ke7 13. Nxd7 Nxd7 14. Bg5+ f6 15. Qe2 Qc8 16. Rfe1 Nf8 17. Bh4 g5 18. Bg3 Bc6 19. Nd5+ Bxd5 20. cxd5 h5 21. d6+ Kd8 22. Qf3 Nd7 23. Rxe6 g4 24. Qf5 Rf8 25. Re7 Ne5 26. Re8+ 1-0

[Event "Montreal op"]
[Site "Montreal"]
[Date "2019.09.06"]
[Round "1"]
[White "Javidfard, Amirsalar"]
[Black "Chiku Ratte, Olivier Kenta"]
[Result "0-1"]
[WhiteElo "2013"]
[BlackElo "2366"]
[PlyCount "50"]
[EventDate "2019.09.06"]
[EventType "swiss"]
[EventRounds "5"]
[EventCountry "CAN"]
[SourceTitle "EXT 2020"]
[Source "ChessBase"]
[SourceDate "2019.10.17"]
[SourceVersion "1"]
[SourceVersionDate "2019.10.17"]
[SourceQuality "1"]

1. d4 Nf6 2. Nc3 d5 3. Nf3 g6 4. h3 Bg7 5. Bf4 0-0 6. e3 c5 7. Be2 Ne4 8. Nb5 a6 9. Na3 Qb6 10. Rb1 Qb4+ 11. Kf1 Nc6 12. c4 Be6 13. Nc2 Qa5 14. cxd5 Bxd5 15. a3 cxd4 16. exd4 Rfd8 17. Qd3 e5 18. b4 Qa4 19. Be3 Nd6 20. Qd2 exd4 21. Nfxd4 Nxd4 22. Bxd4 Nf5 23. Bd1 Bc4+ 24. Kg1 Nxd4 25. Nxd4 Qd7 0-1

[Event "Canada zt"]
[Site "Kingston"]
[Date "2019.04.19"]
[Round "2"]
[White "Chiku Ratte, Olivier Kenta"]
[Black "Javidfard, Amirsalar"]
[Result "1-0"]
[WhiteElo "2406"]
[BlackElo "2024"]
[PlyCount "83"]
[EventDate "2019.04.18"]
[EventType "swiss"]
[EventRounds "9"]
[EventCountry "CAN"]
[SourceTitle "CBM 190 Extra"]
[Source "ChessBase"]
[SourceDate "2019.07.15"]
[SourceVersion "1"]
[SourceVersionDate "2019.07.15"]
[SourceQuality "1"]

1. d4 d5 2. c4 e6 3. Nc3 Bb4 4. Nf3 Nf6 5. cxd5 exd5 6. Bg5 Nbd7 7. e3 c5 8. Bd3 Qa5 9. Qc2 c4 10. Bf5 0-0 11. 0-0 g6 12. Bh3 Re8 13. Rac1 Bxc3 14. bxc3 Ne4 15. Bf4 Nb6 16. Bxc8 Raxc8 17. Nd2 Na4 18. Nxe4 dxe4 19. f3 f5 20. g4 Nb6 21. Be5 Nd5 22. Qd2 Qd8 23. Rb1 b6 24. gxf5 Qg5+ 25. Kh1 Qxf5 26. f4 Qh3 27. Rbe1 Rf8 28. Rg1 Qf3+ 29. Rg2 b5 30. a3 a5 31. Kg1 b4 32. axb4 axb4 33. Rg3 Qh5 34. cxb4 Qf5 35. Rg5 c3 36. Qc2 Qe6 37. Qxe4 c2 38. Rc1 Nc3 39. Qg2 Nd1 40. Rxc2 Nxe3 41. Qb7 Qf7 42. Qxc8 1-0

[Event "Trois-Rivieres Mauricie op"]
[Site "Trois Rivieres"]
[Date "2019.03.15"]
[Round "1.16"]
[White "Xu, Daniel"]
[Black "Javidfard, Amirsalar"]
[Result "0-1"]
[WhiteElo "2117"]
[BlackElo "2161"]
[PlyCount "40"]
[EventDate "2019.03.15"]
[EventType "swiss"]
[EventRounds "5"]
[EventCountry "CAN"]
[SourceTitle "EXT 2022"]
[Source "ChessBase"]
[SourceDate "2021.10.06"]
[SourceVersion "1"]
[SourceVersionDate "2021.10.06"]
[SourceQuality "1"]

1. d4 d5 2. c4 e6 3. Nc3 Bb4 4. Nf3 Nf6 5. Bg5 Nbd7 6. e3 c5 7. Be2 h6 8. Bh4 g5 9. Bg3 Ne4 10. Qb3 Qa5 11. Rc1 cxd4 12. exd4 h5 13. h3 Bxc3+ 14. bxc3 Nxg3 15. fxg3 Qc7 16. 0-0 g4 17. Ng5 Qxg3 18. Kh1 Rg8 19. cxd5 gxh3 20. Rg1 Rxg5 0-1

[Event "Canadian op U2200"]
[Site "Sault Ste Marie"]
[Date "2017.07.15"]
[Round "8"]
[White "Javidfard, Amirsalar"]
[Black "Kiviaho, Bob"]
[Result "1-0"]
[WhiteElo "1958"]
[BlackElo "2191"]
[PlyCount "84"]
[EventDate "2017.07.11"]
[EventType "swiss"]
[EventRounds "9"]
[EventCountry "CAN"]
[SourceTitle "EXT 2022"]
[Source "ChessBase"]
[SourceDate "2021.10.06"]
[SourceVersion "1"]
[SourceVersionDate "2021.10.06"]
[SourceQuality "1"]

1. d4 Nf6 2. c4 g6 3. Nc3 d5 4. cxd5 Nxd5 5. e4 Nxc3 6. bxc3 Bg7 7. Bc4 c5 8. Ne2 0-0 9. 0-0 Nc6 10. Be3 Bg4 11. f3 cxd4 12. cxd4 Na5 13. Bd3 Be6 14. Qa4 Bd7 15. Qa3 b5 16. Rac1 a6 17. Kh1 h5 18. d5 e6 19. Qd6 Nc4 20. Bxc4 bxc4 21. Bb6 Qc8 22. Nd4 exd5 23. Qxd5 Bb5 24. e5 Qd7 25. Qe4 Rac8 26. Rfd1 Qe7 27. f4 g5 28. Nf5 Qe8 29. Rd6 c3 30. Nxg7 Kxg7 31. Qf5 Qe7 32. Rf6 Rg8 33. Qxg5+ Kf8 34. Qh6+ Ke8 35. e6 Bc4 36. Rxc3 fxe6 37. Rxc4 Rxc4 38. Rxe6 Rc1+ 39. Bg1 Kd7 40. Rxe7+ Kxe7 41. f5 Rf1 42. Qe6+ Kd8 1-0

[Event "Canadian op U2200"]
[Site "Sault Ste Marie"]
[Date "2017.07.11"]
[Round "2"]
[White "Javidfard, Amirsalar"]
[Black "Aird, Ian"]
[Result "1-0"]
[WhiteElo "1958"]
[BlackElo "1978"]
[PlyCount "59"]
[EventDate "2017.07.11"]
[EventType "swiss"]
[EventRounds "9"]
[EventCountry "CAN"]
[SourceTitle "EXT 2022"]
[Source "ChessBase"]
[SourceDate "2021.10.06"]
[SourceVersion "1"]
[SourceVersionDate "2021.10.06"]
[SourceQuality "1"]

1. d4 e6 2. c4 Nf6 3. Nf3 Bb4+ 4. Bd2 c5 5. g3 Qb6 6. Bxb4 cxb4 7. Bg2 0-0 8. 0-0 d6 9. Nbd2 Nc6 10. e3 Bd7 11. Ng5 Rad8 12. Nde4 Nxe4 13. Nxe4 Be8 14. Qc2 Qa5 15. c5 dxc5 16. dxc5 f6 17. Nd6 Qc7 18. Qb3 Qe7 19. Bh3 Ne5 20. f4 Nf7 21. Bxe6 Kh8 22. Nxf7+ Bxf7 23. Bxf7 Rxf7 24. Rac1 Rff8 25. Rf2 Rfe8 26. Re2 Qe4 27. Kf2 Rd3 28. Qc4 g5 29. Qxe4 Rxe4 30. c6 1-0

[Event "Asia-ch U18"]
[Site "Sari"]
[Date "2013.06.24"]
[Round "4"]
[White "Mashmooli, Kian"]
[Black "Javidfard, Amirsalar"]
[Result "1/2-1/2"]
[WhiteElo "1971"]
[BlackElo "2078"]
[PlyCount "96"]
[EventDate "2013.06.21"]
[EventType "swiss"]
[EventRounds "7"]
[EventCountry "IRI"]
[SourceTitle "EXT 2015"]
[Source "ChessBase"]
[SourceDate "2014.11.20"]
[SourceVersion "1"]
[SourceVersionDate "2014.11.20"]
[SourceQuality "1"]

1. e4 c5 2. Nf3 Nc6 3. d4 cxd4 4. Nxd4 g6 5. Nc3 Bg7 6. Be3 Nf6 7. Bc4 0-0 8. Bb3 a5 9. 0-0 d6 10. f3 Nxd4 11. Bxd4 Bd7 12. a4 Bc6 13. Qd2 Qc7 14. Rad1 Rfd8 15. Qg5 Ne8 16. Qe3 Qd7 17. f4 Bxd4 18. Qxd4 b5 19. f5 Nf6 20. fxg6 hxg6 21. e5 dxe5 22. Qb6 Qe8 23. axb5 Bd7 24. Nd5 Bxb5 25. Rxf6 exf6 26. Nxf6+ Kh8 27. Nxe8 Rxd1+ 28. Kf2 Rf1+ 29. Kg3 Bxe8 30. Bd5 Rc8 31. Bb7 Rxc2 32. Qd8 Kg7 33. Qxe8 Rf5 34. h4 Rxb2 35. Be4 Rh5 36. Bf3 Rb3 37. Qa4 Rd3 38. Kf2 Rf5 39. Ke2 Rd4 40. Qa1 Rxh4 41. g4 Rg5 42. Qxa5 Rhxg4 43. Bxg4 Rxg4 44. Qxe5+ Kg8 45. Kf3 Rh4 46. Qb8+ Kg7 47. Kg3 Rh5 48. Kg4 Rf5 1/2-1/2

[Event "Wch U16"]
[Site "Maribor"]
[Date "2012.11.18"]
[Round "11.25"]
[White "Olund, Joar"]
[Black "Javidfard, Amirsalar"]
[Result "1-0"]
[WhiteElo "2175"]
[BlackElo "2043"]
[PlyCount "85"]
[EventDate "2012.11.08"]
[EventType "swiss"]
[EventRounds "11"]
[EventCountry "SLO"]
[SourceTitle "EXT 2013"]
[Source "ChessBase"]
[SourceDate "2012.11.22"]
[SourceVersion "1"]
[SourceVersionDate "2012.11.22"]
[SourceQuality "1"]

1. d4 d5 2. c4 e6 3. Nc3 c5 4. Nf3 cxd4 5. Nxd4 e5 6. Nf3 d4 7. Nd5 Nf6 8. e4 Nxd5 9. cxd5 Bb4+ 10. Bd2 Bxd2+ 11. Qxd2 Qd6 12. Bb5+ Nd7 13. 0-0 0-0 14. Qg5 f6 15. Qg3 Nc5 16. Nd2 a6 17. Be2 b5 18. Rac1 f5 19. Bf3 f4 20. Qh4 Bd7 21. Bg4 Rac8 22. Qh3 Bxg4 23. Qxg4 Rce8 24. b4 Nd3 25. Rc6 Qxb4 26. Nf3 Qe7 27. Ng5 Nb4 28. d6 Qf6 29. Rb6 h6 30. Nf3 Rd8 31. Qh5 Rxd6 32. Rxd6 Qxd6 33. Nxe5 Qc5 34. g4 d3 35. a3 d2 36. axb4 Qc1 37. g5 f3 38. Qh3 d1Q 39. Qe6+ Kh7 40. g6+ Kh8 41. Nf7+ Kg8 42. Nxh6+ Kh8 43. Qg8+ 1-0

[Event "Wch U16"]
[Site "Maribor"]
[Date "2012.11.14"]
[Round "7.27"]
[White "Svane, Rasmus"]
[Black "Javidfard, Amirsalar"]
[Result "1/2-1/2"]
[WhiteElo "2399"]
[BlackElo "2043"]
[PlyCount "55"]
[EventDate "2012.11.08"]
[EventType "swiss"]
[EventRounds "11"]
[EventCountry "SLO"]
[SourceTitle "EXT 2013"]
[Source "ChessBase"]
[SourceDate "2012.11.22"]
[SourceVersion "1"]
[SourceVersionDate "2012.11.22"]
[SourceQuality "1"]

1. d4 d5 2. c4 e6 3. Nc3 c5 4. cxd5 exd5 5. Nf3 Nc6 6. g3 Nf6 7. Bg2 Be7 8. 0-0 0-0 9. dxc5 Bxc5 10. a3 a6 11. b4 Ba7 12. Bg5 d4 13. Ne4 Bf5 14. Nxf6+ gxf6 15. Bh4 Re8 16. Qd2 Kg7 17. Rad1 Qd6 18. h3 Rad8 19. g4 Bg6 20. Bg3 Qe6 21. Rfe1 Qb3 22. Bf4 Qxa3 23. Bh6+ Kg8 24. Qf4 Re6 25. Qc7 Re7 26. Qf4 Re6 27. Qc7 Re7 28. Qf4 1/2-1/2

[Event "Wch U16"]
[Site "Maribor"]
[Date "2012.11.11"]
[Round "4.43"]
[White "Javidfard, Amirsalar"]
[Black "Darling, Simeon C"]
[Result "1-0"]
[WhiteElo "2043"]
[BlackElo "1931"]
[PlyCount "113"]
[EventDate "2012.11.08"]
[EventType "swiss"]
[EventRounds "11"]
[EventCountry "SLO"]
[SourceTitle "EXT 2013"]
[Source "ChessBase"]
[SourceDate "2012.11.22"]
[SourceVersion "1"]
[SourceVersionDate "2012.11.22"]
[SourceQuality "1"]

1. d4 Nf6 2. c4 e6 3. a3 b6 4. Nc3 Bb7 5. Nf3 Be7 6. d5 d6 7. e4 e5 8. Be2 0-0 9. 0-0 Nbd7 10. b4 Re8 11. Ne1 Bf8 12. Nd3 g6 13. Be3 Ba6 14. b5 Bb7 15. Nb4 Nb8 16. Bg4 Nxg4 17. Qxg4 Bc8 18. Qg3 Bg7 19. Nc6 Nxc6 20. dxc6 Be6 21. Nd5 a6 22. a4 a5 23. h4 Bxd5 24. cxd5 h5 25. Rac1 Bf6 26. Bg5 Bxg5 27. hxg5 Re7 28. Rc3 Qf8 29. Rf3 Qg7 30. Rf6 Rae8 31. f3 Kh7 32. Kf2 Rh8 33. Rh1 Kg8 34. Rh4 Qf8 35. Qh3 Kg7 36. Qh1 Qc8 37. Qa1 Qe8 38. f4 Kg8 39. f5 Kg7 40. Qc1 Qd8 41. Rh3 Qe8 42. Rxd6 cxd6 43. f6+ Kh7 44. fxe7 Qxe7 45. g4 Kg7 46. gxh5 gxh5 47. Qd1 f6 48. Rxh5 Qf8 49. g6 Kxg6 50. Qg4+ Kf7 51. c7 Qc8 52. Rh7+ Rxh7 53. Qxc8 Rh2+ 54. Kg1 Rc2 55. Qe6+ Kg6 56. c8Q Rxc8 57. Qxc8 1-0

[Event "Wch U16"]
[Site "Maribor"]
[Date "2012.11.08"]
[Round "1.9"]
[White "Giroyan, Gary"]
[Black "Javidfard, Amirsalar"]
[Result "1-0"]
[WhiteElo "2382"]
[BlackElo "2043"]
[PlyCount "67"]
[EventDate "2012.11.08"]
[EventType "swiss"]
[EventRounds "11"]
[EventCountry "SLO"]
[SourceTitle "EXT 2013"]
[Source "ChessBase"]
[SourceDate "2012.11.22"]
[SourceVersion "1"]
[SourceVersionDate "2012.11.22"]
[SourceQuality "1"]

1. d4 d5 2. c4 e6 3. Nc3 Bb4 4. e3 Nf6 5. Bd3 e5 6. Nge2 e4 7. Qa4+ c6 8. Qxb4 a5 9. Qa4 exd3 10. Nf4 Bf5 11. Ncxd5 Nxd5 12. cxd5 0-0 13. dxc6 Nxc6 14. 0-0 g5 15. Nh5 Bg6 16. Ng3 Qd5 17. Bd2 b5 18. Qb3 Qxb3 19. axb3 h5 20. Rfc1 Nb4 21. Rc5 Nc2 22. Rd1 f6 23. Rxb5 Rfb8 24. Rxb8+ Rxb8 25. Bxa5 Rxb3 26. Bc3 Kf7 27. e4 h4 28. Nf5 Nb4 29. Nd6+ Ke7 30. Nc4 Kd7 31. Na5 Rxc3 32. bxc3 Nc2 33. Nb3 Kc6 34. Nc5 1-0

[Event "Hamadan Iran op 11th"]
[Site "Hamadan"]
[Date "2012.07.16"]
[Round "9"]
[White "Javidfard, Amirsalar"]
[Black "Amini, Amer"]
[Result "1/2-1/2"]
[WhiteElo "2034"]
[BlackElo "2197"]
[PlyCount "52"]
[EventDate "2012.07.11"]
[EventType "swiss"]
[EventRounds "11"]
[EventCountry "IRI"]
[SourceTitle "CBM 149 Extra"]
[Source "ChessBase"]
[SourceDate "2012.08.24"]
[SourceVersion "1"]
[SourceVersionDate "2012.08.24"]
[SourceQuality "1"]

1. d4 d5 2. Nf3 c5 3. e3 cxd4 4. exd4 Nc6 5. c3 Nf6 6. Bf4 Bg4 7. Nbd2 a6 8. Qb3 Na5 9. Qc2 Bxf3 10. Nxf3 e6 11. Bd3 Bd6 12. Bg5 h6 13. Bh4 Qc7 14. Qe2 Nc4 15. 0-0 Nh5 16. Bg3 Nxg3 17. fxg3 0-0 18. Rac1 b5 19. Bb1 Rae8 20. Qc2 f5 21. Rce1 g6 22. Qe2 Kg7 23. Kh1 Qf7 24. g4 Bf4 25. Ne5 Bxe5 26. dxe5 Qe7 1/2-1/2

[Event "Wch U14"]
[Site "Porto Carras"]
[Date "2010.10.27"]
[Round "8"]
[White "Sai, Krishna GV"]
[Black "Javidfard, Amirsalar"]
[Result "1-0"]
[WhiteElo "2337"]
[BlackElo "2040"]
[PlyCount "55"]
[EventDate "2010.10.20"]
[EventType "swiss"]
[EventRounds "11"]
[EventCountry "GRE"]
[SourceTitle "EXT 2011"]
[Source "ChessBase"]
[SourceDate "2010.11.26"]
[SourceVersion "1"]
[SourceVersionDate "2010.11.26"]
[SourceQuality "1"]

1. e4 c5 2. Nf3 Nc6 3. d4 cxd4 4. Nxd4 g6 5. c4 Nf6 6. Nc3 d6 7. Be2 Nxd4 8. Qxd4 Bg7 9. Be3 a5 10. 0-0 a4 11. Rad1 0-0 12. Qd2 Qa5 13. Bd4 Bd7 14. Qe3 Ng4 15. Qg3 Bxd4 16. Rxd4 Ne5 17. Nd5 Nc6 18. Rd3 Be6 19. Qh4 Rae8 20. Bd1 Nb4 21. Ra3 Nxd5 22. Bxa4 Qc7 23. Bxe8 Nb6 24. Bb5 Qc5 25. Rc3 Qb4 26. Rfc1 Qxb2 27. Qxe7 Qxa2 28. Qxd6 1-0